| 000 | 01136nam a2200289Ia 4500 | ||
|---|---|---|---|
| 001 | u20749 | ||
| 003 | SIRSI | ||
| 005 | 20180219123632.0 | ||
| 007 | he bmbb |acu| | ||
| 008 | 030816s1997 ua a bb 001 0 eng d | ||
| 026 | _c1997 | ||
| 039 | 9 |
_a200309201336 _bsafaa _y200308161351 _zdoaa |
|
| 040 | _aEAL | ||
| 090 |
_aThesis _bS-2684 |
||
| 100 | 1 | _aTag El-Dien, Mohamed Abdel-Halim. | |
| 245 | 1 | 0 |
_aStudies on cattle phenotypic and genetic performance traits in friesian cattle _h[microform] / _cMohamed Abdel-Halim Tag El-Dien. |
| 246 | 1 | 5 | _aدراسات علي الماشية : المعايير الوراثية والمظهرية لبعض الصفات في ماشية الفريزيان |
| 300 |
_a154, 5 leaves : _bill. ; _c30 cm. |
||
| 502 | _aThesis (Ph.D. )-- Alexandria University, 1997. | ||
| 504 | _aIncludes bibliographical reference (leaves 128-154) | ||
| 533 |
_aMicrofiche. _bCairo, Egypt : _cASUNET, _e3 microfiche : negative. |
||
| 546 | _aSummary in Arabic. | ||
| 596 | _a1 | ||
| 650 | 0 |
_aCattle _xGenetics. |
|
| 650 | 0 |
_aFriesian cattle _xGenetics. |
|
| 942 |
_cMIC _2lcc |
||
| 999 |
_c1242 _d1242 |
||